000 00416nam a22001697a 4500
999 _c4191
_d4190
005 20210907153345.0
008 160627b xxu||||| |||| 00| 0 eng d
020 _a0-86542-961-8
041 _aeng
082 _b10270
100 _aHay, Frank C and West wood, Oluyn MR
_92894
245 _aPractical Immunology
260 _bBlackwell Science
_c2003
300 _a344
650 _aAgriculture
_92837
942 _cBK